| 000 | 00718nam a22002417a 4500 | ||
|---|---|---|---|
| 005 | 20240814175153.0 | ||
| 008 | s1976 eng d | ||
| 041 | _aeng | ||
| 100 | 0 | _aWatson, Andrew S. | |
| 245 | 1 | 0 | _aThe lawyers in the interviewing and counselling process |
| 260 | 3 |
_aNew York : _bThe Bobbs-Merrill company, _c1976 |
|
| 300 |
_a163 p. ; _b 25 cm. |
||
| 650 | 0 | 4 | _aInterviewing |
| 650 | 0 | 4 | _aLawyers |
| 650 | 0 | 4 | _aLawyers -- Couselling -- Handbooks, manual, etc. |
| 650 | 0 | 4 | _aLawyers -- Handbooks, manual, etc. |
| 650 | 0 | 4 | _aLawyers skill |
| 850 | _aNALT | ||
| 942 | _cLB | ||
| 997 | _c000000000020734 | ||
| 998 |
_aSAIPHON DEENGAM _j25 _k นีลวัสน์ อินทรักษา |
||
| 999 |
_c20734 _d20734 |
||
| 090 | _aKU103 W37L 1976 | ||